[Event "European Rapid Championship 2021"]
[Site "Katowice"]
[Date "2021.12.18"]
[Round "1.15"]
[White "Lubczynski, Rafal"]
[Black "Kazmerika, Anna"]
[Result "1-0"]
[WhiteElo "2289"]
[BlackElo "1825"]
[Annotator "NA RC"]
[PlyCount "47"]
[EventDate "2021.12.18"]
[EventType "swiss"]
[EventCountry "POL"]
[SourceTitle "playchess.com"]
[Source "ChessBase"]
[SourceQuality "1"]
[TimeControl "900+10"]

1. Nf3 {[%emt 0:00:03]} d5 {[%emt 0:00:02]} 2. c4 {[%emt 0:00:01]} c6 {[%emt 0:
00:33]} 3. g3 {[%emt 0:00:01]} Nf6 {[%emt 0:00:01]} 4. Bg2 {[%emt 0:00:02]} Bg4
{[%emt 0:00:04]} 5. b3 {[%emt 0:00:12]} Nbd7 {[%emt 0:00:07]} 6. Bb2 {[%emt 0:
00:02]} e6 {[%emt 0:00:25]} 7. O-O {[%emt 0:00:02]} Bd6 {[%emt 0:00:05]} 8. d3
{[%emt 0:00:10]} O-O {[%emt 0:00:10]} 9. Nbd2 {[%emt 0:00:03]} e5 {[%emt 0:00:
08]} 10. h3 {[%emt 0:00:28]} Bh5 {[%emt 0:00:14]} 11. Nh4 {[%emt 0:00:15]} Re8
{[%emt 0:00:33]} 12. Nf5 {[%emt 0:02:36]} Bf8 {[%emt 0:00:09]} 13. Nf3 {
[%emt 0:00:02]} e4 {[%emt 0:02:13]} 14. dxe4 {[%emt 0:00:09]} Nxe4 {[%emt 0:00:
04]} 15. cxd5 {[%emt 0:00:40]} cxd5 {[%emt 0:01:56]} 16. Qxd5 {[%emt 0:00:19]}
Ndc5 {[%emt 0:00:33]} 17. Nh6+ {[%emt 0:00:33]} gxh6 {[%emt 0:00:40]} 18. Qxh5
{[%emt 0:00:02]} Ne6 {[%emt 0:00:58]} 19. Ne5 {[%emt 0:00:41]} N4g5 {[%emt 0:
01:15]} 20. h4 {[%emt 0:02:00]} Ng7 {[%emt 0:01:27]} 21. Qxh6 {[%emt 0:00:24]}
N5e6 {[%emt 0:00:46]} 22. Rfd1 {[%emt 0:00:28]} Qb6 {[%emt 0:00:29]} 23. Nd7 {
[%emt 0:00:10]} Qa6 {[%emt 0:00:41]} 24. Nf6+ {[%emt 0:00:02]} 1-0

[Event "European Rapid Championship 2021"]
[Site "Katowice"]
[Date "2021.12.18"]
[Round "1.16"]
[White "Herwy, Jakub"]
[Black "Schneider, Ilja"]
[Result "1/2-1/2"]
[WhiteElo "1866"]
[BlackElo "2490"]
[Annotator "TA"]
[PlyCount "167"]
[EventDate "2021.12.18"]
[EventType "swiss"]
[EventCountry "POL"]
[SourceTitle "playchess.com"]
[Source "ChessBase"]
[SourceQuality "1"]

{[%evp 11,167,12,14,8,14,-7,0,0,0,0,27,-8,-6,-27,-17,-61,-37,-84,-81,-103,-47,
-47,-31,-46,0,-49,-36,-1,-4,-33,-41,-35,-40,-58,-57,-53,-62,-61,-61,-29,-25,
-50,-56,-63,-49,-62,-50,-73,-21,-21,-17,-24,-18,-17,0,0,41,29,177,162,575,566,
561,447,557,557,540,527,585,469,542,556,605,597,618,360,300,198,350,0,240,0,
468,589,647,629,583,572,901,474,285,53,52,-41,-41,-41,-41,-41,0,0,0,0,0,0,0,0,
0,0,0,0,0,0,0,0,0,0,0,0,0,0,0,0,0,0,0,0,0,0,0,0,0,0,0,0,0,0,0,0,0,0,0,0,0,0,0,
0,0,0,0,0,0,0,0,0,0,0,0,0]} 1. e4 c6 2. Nc3 d5 3. Nf3 dxe4 4. Nxe4 Nf6 5. Nxf6+
exf6 6. d4 Bd6 7. c3 {B15: Caro-Kann: 3 Nc3: 3...g6 and 3...dxe4 4 Nxe4 Nf6 5
Nxf6+ exf6.} O-O 8. Be2 Qc7 9. O-O Be6 10. Qc2 Nd7 {[#]} 11. Be3 $146 (11. Bd3
$5 {[%cal Rd3h7]}) ({Predecessor:} 11. h3 Rfe8 12. Bd3 Kh8 13. Nh4 Nf8 14. Nf5
Ng6 15. Nxd6 Qxd6 16. f4 Bd7 17. Bc4 {1-0 (47) Bodnaruk,K (1777)-Shevtsova,S 
(1553) St Petersburg 2018}) 11... Rfe8 12. Bd3 g6 13. h4 (13. Be2 $11) 13... c5
{[%cal Bc6c5,Bc5c4][%mdl 32]} 14. h5 {[#]} (14. Bb5 $15) 14... c4 $1 $17 15.
Be2 Nb6 (15... Bd5 $17) 16. Nd2 $15 Bh2+ 17. Kh1 Bf4 (17... Bd5 $15 {was
preferrable.}) 18. Ne4 (18. Bf3 $11) 18... Nd5 19. Bxf4 Qxf4 20. Bxc4 {[#]} (
20. g3 {seems wilder.} Qf5 21. Kg1 gxh5 22. Bxc4 Nxc3 23. Qxc3 Qxe4 24. Rfe1)
20... Nxc3 $1 21. Qxc3 {[%cal Od4d5]} Qxe4 22. Bxe6 Rxe6 23. hxg6 hxg6 (23...
fxg6 24. Rfe1 Qd5 25. Rxe6 Qxe6 26. Re1 Qxa2 27. Re7 $11) 24. Rae1 Qh4+ 25. Kg1
Rc6 26. Qb3 Rb6 27. Qc3 Kg7 28. Re3 $1 (28. g3 Qh3 29. Qf3 Rxb2 $17) 28... Rd8
({Much weaker is} 28... Rh8 29. Rh3 Qg4 30. Rxh8 Kxh8 31. d5 $11) 29. Rd1 {
[%cal Bf1d1,Bd1d3,Bd3h3][%mdl 32]} Rh8 (29... Qg4 $17 30. Rdd3 Rbd6) 30. Rh3
$11 Qg4 31. Rdd3 Rxh3 32. Rxh3 {[%mdl 4096] Endgame KQR-KQR} Rc6 33. Qd2 {
White threatens Qh6+ and mate.} g5 (33... Qg5 $11 34. Qxg5 fxg5) 34. d5 $14 Rd6
(34... Qd7 $11) 35. Qd3 $18 {Strongly threatening Qh7+.} f5 $2 {[#]} (35... Rd8
{is tougher.}) 36. Qc3+ $1 Rf6 37. Rd3 {Prevents Qd1+. And now d6 would win.}
Qa4 38. d6 Qd7 39. Qe5 Kg6 40. Rd5 g4 41. b3 a6 42. a4 Kg7 43. Qd4 Kg6 44. Qd3
Kg7 $2 (44... Kh7 45. g3 Kg8) 45. Qd4 Kg6 46. Qe5 $2 (46. Qf4) 46... Kg7 $1 47.
b4 Kg6 48. b5 axb5 49. axb5 Kg7 50. Qd4 Kg6 51. g3 $2 ({Better is} 51. f3 $18 {
fxg4 is the strong threat.} gxf3 52. Qe5 (52. gxf3 Re6 $16)) 51... Re6 $14 52.
Qc3 (52. Qd3 $14 Re1+ 53. Kg2) 52... Rxd6 $15 53. Rxd6+ Qxd6 {KQ-KQ} 54. Qc8
Qd1+ (54... b6 $1 $15 {deserves consideration.}) 55. Kh2 $11 {The position is
equal.} Qd4 56. Qxb7 Qxf2+ 57. Qg2 Qd4 58. Qe2 Kh5 59. Qc2 Kg5 60. Qe2 Qc5 61.
Qd2+ Kg6 62. Qb2 Qb6 63. Qe2 Kf6 64. Kg2 Qb7+ 65. Kh2 Qb6 66. Kg2 Qd4 67. Kh2
Kg5 68. Qe7+ Kg6 69. Qe2 {Prevents Qf2+.} Kh5 70. Qc2 Kg6 71. Qe2 Kf6 72. Qc2
f4 73. gxf4 ({Don't play} 73. Qc6+ Kg5 74. gxf4+ Qxf4+ 75. Kg2 Qd2+ 76. Kf1
Qd3+ 77. Kg1 Qe3+ 78. Kf1 f5 $17) 73... Qxf4+ 74. Kg2 Qf3+ 75. Kg1 Qg3+ 76. Kh1
Qh3+ 77. Kg1 Qe3+ 78. Kh1 Kg5 79. Qb2 Qe1+ 80. Kg2 Qe4+ 81. Kg1 f5 82. b6 Qe1+
83. Kg2 f4 84. Qg7+ {Blacks defense is rewarded with a draw.  Weighted Error
Value: White=0.39/Black=0.32} 1/2-1/2

[Event "European Rapid Championship 2021"]
[Site "Katowice"]
[Date "2021.12.18"]
[Round "1.16"]
[White "Chodorowski, Adrian"]
[Black "Wisniewski, Adrian"]
[Result "0-1"]
[WhiteElo "1380"]
[BlackElo "2351"]
[Annotator "TA"]
[PlyCount "84"]
[EventDate "2021.12.18"]
[EventType "swiss"]
[EventCountry "POL"]
[SourceTitle "playchess.com"]
[Source "ChessBase"]
[SourceQuality "1"]

{[%evp 15,83,-31,23,-24,25,-17,-21,-14,-10,-12,-11,-107,-114,-116,-122,-119,
-131,-116,-12,-10,31,-334,-331,-330,-329,-562,-559,-560,-566,-566,-552,-682,
-566,-549,-517,-834,-812,-989,-939,-1202,-1128,-1043,-961,-2083,-1097,-2218,
-1065,-1823,-1807,-1393,-1196,-1159,-1134,-2328,-2137,-5282,-5290,-29990,
-29991,-29992,-29993,-29995,-29994,-29996,-29997,-29997,-29998,-29998,-29999,
-29999]} 1. e4 e6 2. Nf3 d5 3. exd5 exd5 4. d4 Nf6 5. Nc3 c6 6. Be2 Bd6 7. O-O
O-O 8. Bg5 Bg4 (8... h6 $15 9. Bh4 Bf5) 9. h3 {C01: French: Exchange Variation.
} (9. Ne5 {might be stronger.} Bxe2 10. Nxe2 (10. Qxe2 Re8 $11)) 9... Bh5 (9...
Bf5 $142) 10. Re1 (10. Ne5 $1 {is superior.} Bg6 11. f4 (11. Nxg6 fxg6 12. Qd3
Qc7 $11)) 10... Nbd7 $11 {[%cal Bb8d7,Bd7e5,Be5g6][%mdl 32]} 11. Ne5 {The
position is equal.} Bxe2 12. Rxe2 Qc7 {[%cal Rd7e5] [#]} 13. Qd2 $146 (13. Nxd7
$11 {keeps the balance.} Nxd7 14. Qe1) ({Predecessor:} 13. Bf4 Rfe8 14. Qe1 h6
15. Nxd7 Qxd7 16. Bxd6 Qxd6 17. Qd2 Rxe2 18. Nxe2 Ne4 19. Qd3 {0-1 (29) Da Luz,
F (1493)-Silva,G (1697) Florianopolis 2020}) 13... Nxe5 $17 14. Bxf6 Ng6 ({
Inferior is} 14... gxf6 15. dxe5 Bxe5 16. Rae1 $15) 15. Bg5 f5 $1 16. Rae1 {[#]
} h6 ({Black should play} 16... f4 $1 $17 {[%cal Rf4f3] White must now prevent
...f3.} 17. f3 Rf5) 17. Re6 $11 Kh7 {[#]} (17... hxg5 $11 {was preferrable.}
18. Rxg6 Rae8) 18. Bxh6 $2 {[%mdl 8192] This costs White the game.} gxh6 $19
19. Ne2 Rae8 20. Ng3 $2 (20. Rxe8 {is a better defense.} Rxe8 21. Ng3 Rxe1+ 22.
Qxe1) 20... Rxe6 21. Rxe6 Bxg3 22. fxg3 Qxg3 23. Qe2 Rf7 24. Qh5 Qg5 25. Qf3 (
25. Qxg5 $142 hxg5 26. Kf2) 25... Rg7 26. Re2 Nh4 27. Qf1 f4 {[%cal Bf5f4,
Bf4f3][%mdl 32]} 28. Rf2 f3 29. g4 Qe3 30. Kh2 Qxd4 31. Qe1 Qf4+ 32. Kh1 Ng6 {
...Re7 is the strong threat.} 33. Qd1 Rf7 34. Qg1 Re7 {Hoping for ...Re2.} 35.
Qf1 {To avoid Re2} Re3 {( -> ...Qe4)} 36. c3 Ne5 {Black mates.} 37. b3 Nd3 38.
Qb1 Qe4 39. Rf1 f2+ 40. Kh2 Qf4+ 41. Kg2 Qg3+ 42. Kh1 Qxh3# {Weighted Error
Value: White=1.21/Black=0.24 (precise)} 0-1

[Event "European Rapid Championship 2021"]
[Site "Katowice"]
[Date "2021.12.18"]
[Round "1.17"]
[White "Vetoshko, Volodymyr"]
[Black "Tribushnaya, Olga"]
[Result "1-0"]
[WhiteElo "2483"]
[BlackElo "1685"]
[Annotator "TA"]
[PlyCount "43"]
[EventDate "2021.12.18"]
[EventType "swiss"]
[EventCountry "POL"]
[SourceTitle "playchess.com"]
[Source "ChessBase"]
[SourceQuality "1"]

{[%evp 14,43,45,42,58,12,16,15,10,13,6,22,22,22,31,26,48,28,91,99,261,289,223,
230,799,801,783,763,817,813,766,500]} 1. e4 d5 2. exd5 Qxd5 3. Nc3 Qa5 4. d4
Nf6 5. Bc4 Bf5 6. Nge2 e6 7. O-O c6 8. Ng3 Bb4 {B01: Scandinavian Defence.} 9.
Bd2 (9. Nxf5 $14 Qxf5 10. Bd2) 9... Bg6 $1 $11 10. a3 Bxc3 {The position is
equal.} 11. Bxc3 Qc7 12. f4 {Strongly threatening f5.} O-O 13. f5 exf5 14. Nxf5
Nd5 {[#]} 15. Bd2 $146 (15. Qe2 {with more complications.} Qd7 16. Bd3 Na6 17.
Bd2 Rfe8 18. Qf3) ({Predecessor:} 15. Bxd5 cxd5 16. Qf3 Rd8 17. Bd2 Nc6 18.
Nxg7 Nxd4 19. Qf6 Qb6 20. Qxb6 axb6 21. Rad1 Bxc2 22. Rde1 Bd3 {0-1 (22)
Christensen,J (2185)-Hojer,J Copenhagen 1997}) 15... Bxf5 (15... Nd7 $11) 16.
Rxf5 $16 Ne7 $2 {[#] Black cannot hold the game after this.} (16... Nd7 $16)
17. Rxf7 $1 $18 {[%mdl 512]} Rxf7 18. Bxf7+ Kxf7 $2 {[#]} (18... Kh8 19. Qe2
Na6) 19. Qh5+ $1 {White is clearly winning.} Ng6 20. Qxh7 {White wants to mate
with Rf1+.} Nd7 21. Rf1+ Nf6 22. Bg5 {Weighted Error Value: White=0.08 
(flawless) /Black=0.28 (precise)} 1-0

[Event "European Rapid Championship 2021"]
[Site "Katowice"]
[Date "2021.12.18"]
[Round "1.17"]
[White "Budrewicz, Krzysztof"]
[Black "Hlavina, Matous"]
[Result "1/2-1/2"]
[WhiteElo "2281"]
[BlackElo "2090"]
[Annotator "NA RC"]
[PlyCount "57"]
[EventDate "2021.12.18"]
[EventType "swiss"]
[EventCountry "POL"]
[SourceTitle "playchess.com"]
[Source "ChessBase"]
[SourceQuality "1"]
[TimeControl "900+10"]

1. d4 {[%emt 0:00:05]} Nf6 {[%emt 0:00:00]} 2. c4 {[%emt 0:00:04]} g6 {[%emt 0:
00:02]} 3. Nc3 {[%emt 0:00:06]} d5 {[%emt 0:00:01]} 4. Nf3 {[%emt 0:00:16]} Bg7
{[%emt 0:00:10]} 5. h4 {[%emt 0:00:18]} O-O {[%emt 0:00:20]} 6. cxd5 {[%emt 0:
00:42]} Nxd5 {[%emt 0:00:11]} 7. h5 {[%emt 0:00:04]} c5 {[%emt 0:00:57]} 8.
hxg6 {[%emt 0:02:54]} hxg6 {[%emt 0:00:46]} 9. Bh6 {[%emt 0:00:53]} Nxc3 {
[%emt 0:00:52]} 10. bxc3 {[%emt 0:00:07]} Bxh6 {[%emt 0:00:14]} 11. Rxh6 {
[%emt 0:00:02]} Kg7 {[%emt 0:00:01]} 12. Rh4 {[%emt 0:00:27]} cxd4 {[%emt 0:00:
26]} 13. Qd2 {[%emt 0:00:43]} Rh8 {[%emt 0:01:38]} 14. Rxh8 {[%emt 0:00:29]}
Qxh8 {[%emt 0:00:01]} 15. cxd4 {[%emt 0:01:22]} Qh5 {[%emt 0:00:34]} 16. Qc3 {
[%emt 0:00:20]} Nd7 {[%emt 0:01:24]} 17. e4 {[%emt 0:00:13]} Nf6 {[%emt 0:00:
36]} 18. d5 {[%emt 0:03:29]} Bg4 {[%emt 0:00:32]} 19. Nd4 {[%emt 0:00:27]} Rc8
{[%emt 0:00:20]} 20. Qb2 {[%emt 0:00:08]} Kh7 {[%emt 0:00:37]} 21. f3 {[%emt 0:
00:02]} Bd7 {[%emt 0:01:42]} 22. Kf2 {[%emt 0:00:47]} Qh2 {[%emt 0:01:23]} 23.
Rc1 {[%emt 0:00:37]} Qf4 {[%emt 0:00:28]} 24. Rxc8 {[%emt 0:02:50]} Nxe4+ {
[%emt 0:01:23]} 25. Kg1 {[%emt 0:00:04]} Qe3+ {[%emt 0:00:22]} 26. Kh2 {
[%emt 0:00:05]} Qh6+ {[%emt 0:01:21]} 27. Kg1 {[%emt 0:00:02]} Qe3+ {[%emt 0:
00:13]} 28. Kh2 {[%emt 0:00:01]} Qh6+ {[%emt 0:00:02]} 29. Kg1 {[%emt 0:00:01]}
1/2-1/2

[Event "European Rapid Championship 2021"]
[Site "Katowice"]
[Date "2021.12.18"]
[Round "1.18"]
[White "Przepiora, Anna"]
[Black "Janik, Igor"]
[Result "0-1"]
[WhiteElo "1722"]
[BlackElo "2462"]
[Annotator "TA"]
[PlyCount "104"]
[EventDate "2021.12.18"]
[EventType "swiss"]
[EventCountry "POL"]
[SourceTitle "playchess.com"]
[Source "ChessBase"]
[SourceQuality "1"]

{[%evp 9,104,7,14,14,15,-2,0,0,0,0,0,-40,-32,-53,-63,-52,-59,-102,-89,-92,-89,
-99,-83,-85,-83,-100,-103,-140,-133,-139,-80,-81,-65,-147,-127,-156,-149,-147,
-143,-166,-145,-161,-165,-174,-178,-210,-203,-187,0,-187,-190,-194,-189,-262,
-220,-216,-191,-200,-150,-185,-153,-165,-150,-147,-150,-196,-163,-187,-170,
-170,-148,-153,-143,-138,-133,-125,-143,-142,-140,-169,-149,-241,-241,-229,
-237,-1116,-1110,-1385,-1379,-1014,-975,-969,-959,-912,-894,-812,-770]} 1. e4
c6 2. d4 d5 3. Nc3 a6 4. Nf3 Bg4 5. Be2 e6 6. O-O {B15: Caro-Kann: 3 Nc3: 3...
g6 and 3...dxe4 4 Nxe4 Nf6 5 Nxf6+ exf6.} Nf6 7. Bg5 Be7 8. e5 {The position
is equal.} Nfd7 {[#] White must now prevent ...Bxf3.} 9. Bxe7 Qxe7 10. Re1 c5
11. h3 Bxf3 12. Bxf3 cxd4 {[#]} 13. Qxd4 $146 (13. Ne2 $1 $15) ({Predecessor:} 
13. Nxd5 exd5 14. Bxd5 Nc5 15. Qxd4 Nc6 16. Bxc6+ bxc6 17. f4 Ne6 {0-1 (17)
Fricot,F (1964)-Buydts,D (2155) IECG email 2004}) 13... Nc6 $17 14. Qf4 {
[%cal Of3d5]} O-O (14... Qb4 {keeps more tension.} 15. Ne2 Qxb2 16. c4 Ncxe5
17. Reb1 Nxf3+ 18. Qxf3 Qf6) 15. Rad1 Qb4 16. Qxb4 Nxb4 17. a3 Nc6 ({Don't take
} 17... Nxc2 18. Re2 $16) 18. Bg4 {[%cal Oc3d5]} Ndxe5 19. Be2 Rfd8 ({Black
should play} 19... g6 20. Na2 b5) 20. f4 Nc4 21. Kf2 {To avoid Ne3} (21. Bxc4
$15 dxc4 22. Na4) 21... b5 22. Rb1 Kf8 23. Red1 Ke7 24. Bf3 Rd6 25. Na2 Rad8
26. Nc1 h6 27. Nd3 Nd4 28. Ne1 Nc6 29. Nd3 Rc8 30. c3 g5 31. g4 (31. Re1 {
might work better.}) 31... gxf4 32. Nxf4 N6e5 33. Be2 Ng6 34. Nd3 Nce5 35. Ne1
Nf4 36. Bf1 Nc4 {Black is much more active. Pair of Knights!} 37. Kg3 (37. Nd3
$17 Nxd3+ 38. Bxd3) 37... Ng6 {Hoping for ...Ne3.} 38. Kf2 {Prevents Ne3.} Rh8
39. Nf3 h5 40. g5 h4 41. a4 bxa4 {And now ...Rc8 would win.} 42. Bxc4 dxc4 43.
Rxd6 Kxd6 {[%mdl 4096] Endgame KRN-KRN} 44. Rd1+ Ke7 {...Rb8 is the strong
threat.} 45. Rd4 (45. Ra1 $17 {was worth a try.}) 45... Rb8 $19 46. Rxc4 Rxb2+
47. Kg1 $2 (47. Ke3) 47... a3 {Black is clearly winning.} 48. Ra4 a2 {[#]
Strongly threatening ...Rb1+.} 49. Ne1 Rb1 50. Rxa2 Rxe1+ 51. Kf2 Re5 52. Rxa6
Rxg5 {Weighted Error Value: White=0.39/Black=0.15 (very precise)} 0-1

[Event "European Rapid Championship 2021"]
[Site "Katowice"]
[Date "2021.12.18"]
[Round "1.18"]
[White "Swiatek, Mateusz"]
[Black "Jagodzinski, Piotr"]
[Result "0-1"]
[WhiteElo "1569"]
[BlackElo "2145"]
[Annotator "RC"]
[PlyCount "102"]
[EventDate "2021.12.18"]
[EventType "swiss"]
[EventCountry "POL"]
[SourceTitle "playchess.com"]
[Source "ChessBase"]
[SourceQuality "1"]
[TimeControl "900+10"]

1. e4 {[%emt 0:00:03]} c6 {[%emt 0:00:02]} 2. d4 {[%emt 0:00:09]} d5 {[%emt 0:
00:01]} 3. Nc3 {[%emt 0:00:03]} dxe4 {[%emt 0:00:41]} 4. Nxe4 {[%emt 0:00:03]}
Nf6 {[%emt 0:00:01]} 5. Ng3 {[%emt 0:00:24]} e5 {[%emt 0:01:59]} 6. Be3 {
[%emt 0:01:47]} Ng4 {[%emt 0:01:00]} 7. dxe5 {[%emt 0:00:55]} Qa5+ {[%emt 0:02:
51]} 8. Bd2 {[%emt 0:00:26]} Qxe5+ {[%emt 0:00:11]} 9. Qe2 {[%emt 0:00:03]} Bc5
{[%emt 0:00:53]} 10. Qxe5+ {[%emt 0:00:18]} Nxe5 {[%emt 0:00:02]} 11. f3 {
[%emt 0:00:24]} O-O {[%emt 0:01:09]} 12. O-O-O {[%emt 0:00:05]} Be6 {[%emt 0:
00:08]} 13. Bc3 {[%emt 0:00:37]} Nbd7 {[%emt 0:01:46]} 14. Ne4 {[%emt 0:00:21]}
Be7 {[%emt 0:00:26]} 15. b3 {[%emt 0:00:41]} a5 {[%emt 0:00:03]} 16. a4 {
[%emt 0:00:10]} Bd5 {[%emt 0:00:48]} 17. Nf2 {[%emt 0:00:29]} Rfe8 {[%emt 0:00:
07]} 18. Ne2 {[%emt 0:00:18]} Bc5 {[%emt 0:01:50]} 19. Nd3 {[%emt 0:00:12]}
Be3+ {[%emt 0:00:07]} 20. Kb2 {[%emt 0:00:32]} Ng6 {[%emt 0:00:01]} 21. Bd4 {
[%emt 0:01:24]} h5 {[%emt 0:00:03]} 22. Bxe3 {[%emt 0:00:41]} Rxe3 {[%emt 0:00:
02]} 23. Ndf4 {[%emt 0:00:13]} Nxf4 {[%emt 0:00:17]} 24. Nxf4 {[%emt 0:00:01]}
Nf6 {[%emt 0:00:01]} 25. Bd3 {[%emt 0:01:23]} g5 {[%emt 0:00:25]} 26. Nxd5 {
[%emt 0:00:30]} Nxd5 {[%emt 0:00:06]} 27. Be4 {[%emt 0:00:06]} Nf6 {[%emt 0:00:
23]} 28. Rhe1 {[%emt 0:01:04]} Rxe1 {[%emt 0:00:04]} 29. Rxe1 {[%emt 0:00:02]}
Re8 {[%emt 0:00:08]} 30. Kc3 {[%emt 0:00:14]} Nxe4+ {[%emt 0:00:18]} 31. Rxe4 {
[%emt 0:00:09]} Rxe4 {[%emt 0:00:01]} 32. fxe4 {[%emt 0:00:01]} Kg7 {[%emt 0:
00:42]} 33. Kd4 {[%emt 0:00:01]} Kf6 {[%emt 0:00:01]} 34. h3 {[%emt 0:00:12]}
h4 {[%emt 0:00:30]} 35. c3 {[%emt 0:01:03]} Ke6 {[%emt 0:00:10]} 36. Kd3 {
[%emt 0:01:02]} Kd6 {[%emt 0:00:18]} 37. Kd4 {[%emt 0:00:05]} b6 {[%emt 0:01:
44]} 38. Kd3 {[%emt 0:00:27]} Kc5 {[%emt 0:00:23]} 39. Kd2 {[%emt 0:00:36]} b5
{[%emt 0:00:05]} 40. Kd3 {[%emt 0:02:45]} bxa4 {[%emt 0:00:23]} 41. bxa4 {
[%emt 0:00:02]} f6 {[%emt 0:00:01]} 42. Kd2 {[%emt 0:00:51]} Kc4 {[%emt 0:00:
01]} 43. Kc2 {[%emt 0:00:01]} c5 {[%emt 0:00:00]} 44. Kd2 {[%emt 0:00:12]} Kb3
{[%emt 0:00:02]} 45. Kd3 {[%emt 0:00:02]} Kxa4 {[%emt 0:00:34]} 46. Kc4 {
[%emt 0:00:01]} Ka3 {[%emt 0:00:04]} 47. Kxc5 {[%emt 0:00:03]} Kb3 {[%emt 0:00:
12]} 48. c4 {[%emt 0:00:06]} a4 {[%emt 0:00:00]} 49. Kb5 {[%emt 0:00:44]} a3 {
[%emt 0:00:02]} 50. c5 {[%emt 0:00:01]} a2 {[%emt 0:00:01]} 51. c6 {[%emt 0:00:
06]} a1=Q {[%emt 0:00:02]} 0-1

[Event "European Rapid Championship 2021"]
[Site "Katowice"]
[Date "2021.12.18"]
[Round "1.19"]
[White "Gumularz, Szymon"]
[Black "Gazda, Dominik"]
[Result "1-0"]
[WhiteElo "2452"]
[BlackElo "1762"]
[Annotator "TA"]
[PlyCount "57"]
[EventDate "2021.12.18"]
[EventType "swiss"]
[EventCountry "POL"]
[SourceTitle "playchess.com"]
[Source "ChessBase"]
[SourceQuality "1"]

{[%evp 14,57,15,14,15,15,22,7,70,67,62,58,63,58,72,69,104,43,50,48,54,45,431,
431,435,429,418,425,428,406,433,430,410,410,443,459,447,445,1005,911,1538,1530,
1737,1483,29990,29991]} 1. e4 e5 2. Nf3 Nc6 3. Bc4 Nf6 4. d3 Bc5 5. O-O O-O 6.
h3 h6 7. Re1 d6 8. c3 a6 {C54: Giuoco Piano: 4 c3 Nf6, main lines with 5 d4
and 5 d3.} 9. Bb3 Be6 {9...Re8 is the modern continuation.} 10. Bc2 Re8 (10...
d5 $11) 11. d4 $1 $14 exd4 12. cxd4 Bb4 13. Nc3 {[#] Strongly threatening d5.}
d5 $146 ({Predecessor:} 13... Bc4 14. a3 Ba5 15. b4 Bb6 16. Ba4 Bb5 17. Bxb5
axb5 18. Bb2 Qd7 19. Qd3 Nh5 {1-0 (37) Perez Celis,A (1822)-Garcia Iglesias,J 
(1444) Tenerife 2009}) 14. e5 Ne4 15. Bxe4 ({White should try} 15. Nxe4 $16
dxe4 16. Rxe4) 15... dxe4 16. Rxe4 Ne7 17. Bd2 Nf5 $2 {[%mdl 8192] Loses the
game.} ({Better is} 17... Bxc3 $14 18. bxc3 (18. Bxc3 Qd7 $14) 18... Qd7) 18.
d5 $1 $18 Bxc3 19. dxe6 Bxd2 20. exf7+ ({Weaker is} 20. Qxd2 fxe6 21. Qc2 Qc8
$14) (20. Nxd2 Rxe6 21. Nf3 Ne7 $11) 20... Kxf7 21. Qb3+ ({Not} 21. Nxd2 Ne7
22. Qc2 Kg8 $18) (21. Qxd2 Qxd2 22. Nxd2 Rad8 $16) 21... Kg6 22. Rd1 Kh7 23.
Rxd2 Qe7 24. Rf4 Rf8 25. Qxb7 {[%cal Of4f5] Black must now prevent Rxf5!} Qc5 {
[#]} (25... Qe6 $142 26. Rc2 a5) 26. Rxf5 $1 Rxf5 (26... Qc4 27. Rxf8) 27. Qxa8
{Hoping for Qe4.} Qc1+ 28. Kh2 {Threatening mate with Qe4.} Rxf3 29. Qe4+ {
Weighted Error Value: White=0.06 (flawless) /Black=1.02} 1-0

[Event "European Rapid Championship 2021"]
[Site "Katowice"]
[Date "2021.12.18"]
[Round "1.19"]
[White "Skawinski, Arkadiusz"]
[Black "Karut, Kacper"]
[Result "1-0"]
[WhiteElo "2367"]
[BlackElo "1826"]
[Annotator "TA"]
[PlyCount "83"]
[EventDate "2021.12.18"]
[EventType "swiss"]
[EventCountry "POL"]
[SourceTitle "playchess.com"]
[Source "ChessBase"]
[SourceQuality "1"]

{[%evp 15,82,30,33,34,47,41,68,57,59,55,162,158,146,156,149,160,162,159,183,
178,167,181,196,192,187,162,172,166,169,166,165,168,164,0,0,4,4,13,23,17,18,5,
6,0,0,0,0,-37,-26,-54,-55,-57,-12,-52,-50,-47,-47,-38,-31,-34,-4,-12,-4,-3,0,0,
8,8,29999]} 1. e4 c5 2. Nf3 d6 3. Bb5+ Bd7 4. Bxd7+ Qxd7 5. c4 Nc6 6. d4 cxd4
7. Nxd4 g6 {is now debated instead of 7...Nf6.} 8. Nc3 Bg7 9. Be3 {B52:
Sicilian: Moscow Variation with 3...Bd7.} e6 10. O-O Nge7 {[#]} 11. Qd3 $146 {
White is more active. White is slightly better.} ({Predecessor:} 11. Rc1 O-O
12. Qd2 Rfd8 13. Rfd1 Ne5 14. Qe2 Rac8 15. b3 a6 16. f4 N5c6 17. Nf3 {1-0 (53)
Zatko,G (2156)-Vrtiakova,A (1767) Bratislava 2014}) 11... Rd8 12. Rad1 Nxd4 ({
Black should try} 12... a6 $14) 13. Bxd4 $18 O-O 14. Bxg7 Kxg7 15. Qd4+ e5 16.
Qxa7 Qc6 17. b3 f5 18. Qe3 fxe4 19. Qxe4 ({Don't do} 19. Nxe4 $6 Nf5 20. Qd3
Nd4 $16) 19... Nf5 20. Nd5 Rd7 21. a4 Rdf7 22. Rd3 Nd4 23. f3 Qc5 24. Rxd4 {[#]
} Qxd4+ $11 25. Qxd4 exd4 $18 {[%mdl 4096] Endgame KRR-KRN} 26. Rd1 Re8 27. Kf2
Rf5 28. Rxd4 Rfe5 29. Rd2 {Prevents Re2+.} Re1 30. Nc3 R1e3 31. Ne4 Rxb3 32.
Rxd6 Re7 33. a5 Rc7 (33... Rb4 $15) 34. Nd2 Ra3 {[%mdl 1024] Black has
compensation.} 35. Rd5 Ra2 {Strongly threatening ...Rxc4.} 36. Ke3 Kf7 37. g4
Ke6 {[%cal Oc7c4] With the idea ...Rxc4!} 38. Rb5 Ra3+ 39. Kf4 Rd3 40. Ne4 {
Hoping for Nc5+.} Rxc4 41. Rb6+ Kd5 $2 {[%mdl 8192] [#]} (41... Ke7 $11) 42.
Rd6# {Weighted Error Value: White=0.16 (very precise) /Black=0.34} 1-0